ՀՀ Գիտությունների ազգային ակադեմիայի հիմնարար գիտական գրադարան  =   Fundamental Scientific Library of NAS RA

Основы геологии / (Record no. 509825)

MARC details
000 -LEADER
fixed length control field 00979nam a2200253 a 4500
001 - CONTROL NUMBER
control field 000139887
003 - CONTROL NUMBER IDENTIFIER
control field AM-YEHGA
005 - DATE AND TIME OF LATEST TRANSACTION
control field 20250617163630.0
008 - FIXED-LENGTH DATA ELEMENTS--GENERAL INFORMATION
fixed length control field 030329s1961 ||||||||||||||||||||rus d
040 ## - CATALOGING SOURCE
Original cataloging agency AM-YeHGA
090 ## - LOCALLY ASSIGNED LC-TYPE CALL NUMBER (OCLC); LOCAL CALL NUMBER (RLIN)
-- 513288
100 1# - MAIN ENTRY--PERSONAL NAME
Personal name Жуков, Михаил Михайлович
245 10 - TITLE STATEMENT
Title Основы геологии /
Statement of responsibility, etc. М.М. Жуков, Н.Н. Дунаева, В.И. Славин.
260 ## - PUBLICATION, DISTRIBUTION, ETC.
Place of publication, distribution, etc. Москва :
Name of publisher, distributor, etc. Госгеолиздат,
Date of publication, distribution, etc. 1961.
300 ## - PHYSICAL DESCRIPTION
Extent 626 с. :
Other physical details ил.
504 ## - BIBLIOGRAPHY, ETC. NOTE
Bibliography, etc. note Список лит. с. 607-615
650 14 - SUBJECT ADDED ENTRY--TOPICAL TERM
Topical term or geographic name entry element Геология
653 0# - INDEX TERM--UNCONTROLLED
Uncontrolled term Пространство и время в геологии
653 0# - INDEX TERM--UNCONTROLLED
Uncontrolled term Сферы Земли
653 0# - INDEX TERM--UNCONTROLLED
Uncontrolled term Экзогенные процессы
650 14 - SUBJECT ADDED ENTRY--TOPICAL TERM
Topical term or geographic name entry element Геология. Геологические и геофизические науки
700 1# - ADDED ENTRY--PERSONAL NAME
Personal name Дунаева, Наталья Николаевна
700 1# - ADDED ENTRY--PERSONAL NAME
Personal name Славин, Владимир Ильич
Holdings
Withdrawn status Lost status Damaged status Not for loan Collection Home library Current library Date acquired Total checkouts Full call number Barcode Date last seen Price effective from Koha item type Public note
        General Fundamental Scientific Library Fundamental Scientific Library 18/06/2021   PII/53594 FL0650219 18/06/2021 18/06/2021 Գրքեր / Books 30 Days Loan
        General Fundamental Scientific Library Fundamental Scientific Library 15/07/2021   РII/56645 FL0652871 15/07/2021 15/07/2021 Գրքեր / Books 30 Days Loan


ՀՀ ԳԱԱ հիմնարար գիտական գրադարան
ՀՀ,Երևան 0019
Մարշալ Բաղրամյան 24/6
հեռախոս:(374-10) 52-47-50
Հետադարձ կապ

All site content, except where otherwise noted, is licensed under a
Creative Commons License